000 01093cam a22003378a 4500
001 14673808
003 OSt
005 20161031151045.0
008 061214s2007 enk b 001 0 eng
010 _a 2006102028
020 _a9780470034705
020 _a9780470034682
035 _a(DNLM)101295512
040 _aDNLM/DLC
_cDLC
_dDLC
042 _apcc
050 0 0 _aRS57
_b.R69 2007
060 1 0 _aQV 20.5
_bR879e 2007
082 0 0 _aQV704 R77e 2007
_222
100 1 _aRowe, Philip.
_92963
245 1 0 _aEssential Statistics for the Pharmaceutical Sciences
260 _aChichester ;
_bJohn Wiley & Sons,
_cc2007.
263 _a0703
300 _ap. ;
_ccm.
504 _aIncludes bibliographical references and index.
650 0 _apharmaceuticals science
_92964
650 0 _aMedical statistics
_92965
856 4 1 _3Table of contents only
_uhttp://www.loc.gov/catdir/toc/ecip077/2006102028.html
856 4 2 _3Publisher description
_uhttp://www.loc.gov/catdir/enhancements/fy0739/2006102028-d.html
906 _a7
_brix
_corignew
_d1
_eecip
_f20
_gy-gencatlg
942 _2z
_cSLOAN
999 _c1094
_d1094